书目信息 |
| 题名: |
教育科研工具箱
|
|
| 作者: | 刘正华 著 | |
| 分册: | ||
| 出版信息: | 长春 吉林文史出版社 2018 |
|
| 页数: | 189页 | |
| 开本: | 26cm | |
| 丛书名: | ||
| 单 册: | ||
| 中图分类: | G40-03 | |
| 科图分类: | ||
| 主题词: | 教育研究--研究方法 | |
| 电子资源: | ||
| ISBN: | 978-7-5472-5735-7 | |
| 000 | 00599nam0 2200217 450 | |
| 001 | 012001000890 | |
| 005 | 20131025110213.0 | |
| 010 | @a978-7-5472-5735-7@dCNY50.00 | |
| 100 | @a20190731d2018 em y0chiy50 ea | |
| 101 | 0 | @achi |
| 102 | @aCN@b220000 | |
| 105 | @ak z 000yy | |
| 106 | @ar | |
| 200 | 1 | @a教育科研工具箱@9jiao yu ke yan gong ju xiang@f刘正华著 |
| 210 | @a长春@c吉林文史出版社@d2018 | |
| 215 | @a189页@d26cm | |
| 606 | 0 | @a教育研究@x研究方法 |
| 690 | @aG40-03@v5 | |
| 701 | 0 | @a刘正华@9liu zheng hua@4著 |
| 801 | 0 | @aCN@b江苏凤凰@c20191020 |
| 905 | @b1221731-3@dG40-03@e1056@f3 | |
| 教育科研工具箱/刘正华著.-长春:吉林文史出版社,2018 |
| 189页;26cm |
| ISBN 978-7-5472-5735-7:CNY50.00 |
| ● |
| 相关链接 |
|
|
|
|
正题名:教育科研工具箱
索取号:G40-03/1056
 
预约/预借
| 序号 | 登录号 | 条形码 | 馆藏地/架位号 | 状态 | 备注 |
| 1 | 1221731 | 212217313 | 第一样本阅览室/ [索取号:G40-03/1056] | 在馆 | |
| 2 | 1221732 | 212217322 | 教育系资料室/ [索取号:G40-03/1056] | 在馆 | |
| 3 | 1221733 | 212217331 | 第四借阅区/ [索取号:G40-03/1056] | 在馆 |